Арбітражний процесуальний кодекс України (Запис № 311472)

МАРК-запис
000 -Лідер
fixed length control field 00767nam a22002417a 4500
003 - Ідентифікатор контрольного номера
control field UA-OsUOA
001 - Контрольний номер
control field 25180
007 - Фіксоване поле фізичного опису
fixed length control field ta
008 - Елементи даних фіксованої довжини – загальна інформація
fixed length control field 20040319b un ||||| |||| 00| 0 ukr d
090 ## - Локальний шифр розміщення
Класифікаційний індекс УДК 34(094)347.918(477)
Авторський знак (НП) А79
040 ## - Джерело каталогізації
Агенція оригінальної каталогізації UA-OsUOA
Мова каталогізації ukr
Агенція, яка здійснювала перезапис UA-OsUOA
Агенція, яка здійснювала модифікацію UA-OsUOA
041 ## - Код мови
Код мови тексту/ звукової доріжки чи окремого заголовка (П) ukr
080 ## - Індекс Універсальної десяткової класифікації
Індекс Універсальної десяткової класифікації (УДК) (НП) 34(094)347.918(477)
020 ## - Міжнародний стандартний книжковий номер (ISBN)
Міжнародний стандартний книжковий номер (ISBN) (НП) 966-7231-02-Х
044 ## - Код країни видавця/ виробника
Код країни видавця/ виробника (П) UA
245 ## - Відомості про назву
Назва (НП) Арбітражний процесуальний кодекс України
Решта назви (НП) Офіц. текст із змінами та доп. станом на 1 вересня 1997 р.
260 ## - Публікація, розповсюдження і т.п. (Вихідні дані)
Місце публікації, розповсюдження і т.п. (П) Ужгород
Ім’я/ наймення видавництва, розповсюджувача і т.п. (П) Інформаційно-видавниче агенство "ІВА"
Дата публікації, розповсюдження і т.п. (П) 1997
300 ## - Фізичний опис
Обсяг 304 с.
650 #7 - Додаткове предметне введення – тематичний термін
Джерело заголовка чи терміна UDC
942 ## - Додаткові елементи входу (Коха)
Тип елемента Koha Книги
955 ## - Код типу видання за змістом
Код типу видання за змістом (НП) інше
Фонди
Стан вилучень Стан втрат Джерело класифікації або схеми стелажів Стан уражень Не для кредиту Постійне місце розташування Поточне розміщення Дата придбання Вартість, звичайна ціна покупки Інвентарний номер Усього замовленно Повний номер виклику Штрих-код Дата останнього перегляду Ціна ефективна від Тип елемента Koha
    Universal Decimal Classification     АБ - Абонемент НБ АБ - Абонемент НБ 15/06/2004 16.00 79509   34(094)347.918(477) А79 79509 15/06/2022 19/03/2004 Книги
    Universal Decimal Classification     ЧЗ - Читальна зала ЧЗ - Читальна зала 19/03/2004 24.70 67242   34(094)347.918(477) А79 67242 09/02/2022 19/03/2004 Книги
    Universal Decimal Classification     ЧЗ - Читальна зала ЧЗ - Читальна зала 19/03/2004 24.70 67243   34(094)347.918(477) А79 67243 09/02/2022 19/03/2004 Книги
    Universal Decimal Classification     ЧЗ - Читальна зала ЧЗ - Читальна зала 19/03/2004 9.80 67244   34(094)347.918(477) А79 67244 09/02/2022 19/03/2004 Книги
    Universal Decimal Classification     ЧЗ - Читальна зала ЧЗ - Читальна зала 19/03/2004 56.00 67245   34(094)347.918(477) А79 67245 09/02/2022 19/03/2004 Книги
    Universal Decimal Classification     ЧЗ - Читальна зала ЧЗ - Читальна зала 19/03/2004 2.00 67246   34(094)347.918(477) А79 67246 09/02/2022 19/03/2004 Книги
    Universal Decimal Classification     ЧЗ - Читальна зала ЧЗ - Читальна зала 19/03/2004 12.00 67247   34(094)347.918(477) А79 67247 09/02/2022 19/03/2004 Книги
    Universal Decimal Classification     ЧЗ - Читальна зала ЧЗ - Читальна зала 19/03/2004 24.70 67248   34(094)347.918(477) А79 67248 09/02/2022 19/03/2004 Книги
    Universal Decimal Classification     ЧЗ - Читальна зала ЧЗ - Читальна зала 19/03/2004 24.70 67249   34(094)347.918(477) А79 67249 09/02/2022 19/03/2004 Книги
    Universal Decimal Classification     ЧЗ - Читальна зала ЧЗ - Читальна зала 19/03/2004 24.70 67250   34(094)347.918(477) А79 67250 09/02/2022 19/03/2004 Книги